La indeterminación del derecho y la interpretación de la constitución
Salvato in:
| Autore principale: | |
|---|---|
| Natura: | Libro |
| Lingua: | spagnolo |
| Pubblicazione: |
Madrid
Centro de Estudios Políticos y Constitucionales
1997
|
| Serie: | Colección El derecho y la justicia
|
| Soggetti: | |
| Tags: |
Aggiungi Tag
Nessun Tag, puoi essere il primo ad aggiungerne!!
|
MARC
| LEADER | 00000nam a2200000 a 4500 | ||
|---|---|---|---|
| 001 | UCP0726 | ||
| 003 | CL-VaPUC | ||
| 008 | 990319e19970000SP |||||||||||||||||spa|d | ||
| 082 | 0 | 4 | |a 342.46 |b MOR |2 21 |
| 100 | |a Moreso, José Juan |e autor |9 578580 | ||
| 245 | 1 | 3 | |a La indeterminación del derecho y la interpretación de la constitución |
| 300 | |a 256 p | ||
| 942 | |c BK | ||
| 945 | |d 19990319 00:00:00 |a aarredon | ||
| 260 | |a Madrid |b Centro de Estudios Políticos y Constitucionales |c 1997 | ||
| 650 | 7 | |a INTERPRETACION CONSTITUCIONAL |2 CL-VaPUC |9 424493 | |
| 650 | 0 | |a Constituciones |9 255417 | |
| 650 | 0 | |a Jurisdicción |9 255090 | |
| 650 | 0 | |a Tribunal constitucional |9 255000 | |
| 650 | 0 | |a Ordenamiento jurídico |9 355371 | |
| 650 | 0 | |a Estado |9 255503 | |
| 650 | 0 | |a Fuentes del derecho |9 255162 | |
| 650 | 0 | |a Proceso judicial |9 258564 | |
| 650 | 0 | |a Poder judicial |9 254871 | |
| 650 | 0 | |a Naturaleza jurídica |9 371885 | |
| 650 | 0 | |a Filosofía del derecho |9 255050 | |
| 651 | 0 | |a España |9 254926 | |
| 583 | |a last modification |c 19990319 00:00:00 |k Rodrigo Vera | ||
| 490 | 0 | |a Colección El derecho y la justicia | |
| 999 | |c 279478 |d 279476 | ||
| 952 | |0 0 |1 0 |4 0 |6 342_460000000000000_MOR_1997 |7 0 |8 A |9 319018 |a BIBDER |b BIBDER |d 2019-11-20 |i 3505553 |l 2 |o 342.46 MOR 1997 |p 3505553 |r 2023-01-25 |s 2021-10-16 |w 2019-11-20 |y BK |k DER | ||